000 00317nam a2200133Ia 4500
008 090707b ii f a fnsan d
100 _aDarya
_94907
245 _aManga Basi Kav:
_bMoolvas ate parvas da davand
260 _aLudhiana
260 _bChetna Prakashan
260 _c2017
300 _a358p
942 _cBK
999 _c27191
_d27191